Tiếng Việt 5
Tiếng Việt 5 thông qua những câu chuyện dạy các em học sinh lớp 5 tập đọc, chính tả, luyện từ và câu, kể chuyện và tập làm văn trong chương trình học môn tiếng Việt.
Zapisane w:
| 1. autor: | |
|---|---|
| Format: | Książka |
| Język: | Undetermined |
| Wydane: |
Hà Nội
Giáo dục Việt Nam
2016
|
| Hasła przedmiotowe: | |
| Etykiety: |
Dodaj etykietę
Nie ma etykietki, Dołącz pierwszą etykiete!
|
| Thư viện lưu trữ: | Trung tâm Học liệu Trường Đại học Cần Thơ |
|---|
| LEADER | 00916nam a2200217Ia 4500 | ||
|---|---|---|---|
| 001 | CTU_216309 | ||
| 008 | 210402s9999 xx 000 0 und d | ||
| 020 | |c 12700 | ||
| 082 | |a 372.6 | ||
| 082 | |b Th528/T.2 | ||
| 100 | |a Nguyễn, Minh Thuyết | ||
| 245 | 0 | |a Tiếng Việt 5 | |
| 245 | 0 | |c Nguyễn Minh Thuyết (Chủ biên) | |
| 260 | |a Hà Nội | ||
| 260 | |b Giáo dục Việt Nam | ||
| 260 | |c 2016 | ||
| 520 | |a Tiếng Việt 5 thông qua những câu chuyện dạy các em học sinh lớp 5 tập đọc, chính tả, luyện từ và câu, kể chuyện và tập làm văn trong chương trình học môn tiếng Việt. | ||
| 650 | |a Vietnamese language,Tiếng Việt | ||
| 650 | |x Study and teaching (Elementary),Dạy và học (Tiểu học) | ||
| 904 | |i Hải | ||
| 980 | |a Trung tâm Học liệu Trường Đại học Cần Thơ | ||